000 00447nam a22001697a 4500
003 NUST - PNEC
005 20170116180857.0
008 150831b xxu||||| |||| 00| 0 eng d
020 _a0901281557
040 _cLIBRARY
082 _a620.1 EMB
100 _96064
_aEmbleton, William
245 _aReed's applied mechanics for engineers Vol 2
_cWilliam Embleton
260 _cc.1994
650 _96065
_aMechanics Applied
_xME
942 _2ddc
_cBK
999 _c64838
_d64838